Conference on the introductory physics course: On the occasion of the retirement of Robert Resnick (Record no. 4271)

MARC details
005 - DATE AND TIME OF LATEST TRANSACTION
control field 20250618091335.0
020 ## - INTERNATIONAL STANDARD BOOK NUMBER
International Standard Book Number 0-471-15557-8
082 ## - DEWEY DECIMAL CLASSIFICATION NUMBER
Classification number LM 530.071173 WIL
100 ## - MAIN ENTRY--PERSONAL NAME
Author name RESNICK, R.
245 ## - TITLE STATEMENT
Title Conference on the introductory physics course: On the occasion of the retirement of Robert Resnick
260 ## - PUBLICATION, DISTRIBUTION, ETC.
Place of publication, distribution, etc. New York,
Name of publisher, distributor, etc. John Wiley & Sons, Inc.,
Date of publication, distribution, etc. 1997.
300 ## - PHYSICAL DESCRIPTION
Extent vi, 347p.: ill.; chart, figure, graph, picture, table.
Dimensions 28cm.
700 ## - ADDED ENTRY--PERSONAL NAME
Other authors/Editors WILSON, J.
942 ## - ADDED ENTRY ELEMENTS (KOHA)
Source of classification or shelving scheme Dewey Decimal Classification
Koha item type Books
Holdings
Date last seen Total checkouts Full call number Barcode Cost, replacement price Price effective from Koha item type Lost status Source of classification or shelving scheme Damaged status Not for loan Withdrawn status Home library Current library Shelving location Date acquired Cost, normal purchase price
06/18/2025   LM 530.071173 WIL 00000010938 36000.00 06/18/2025 Books   Dewey Decimal Classification       College of Business Education Main Library College of Business Education Main Library General Collection 08/16/2000 12000.00